|
|
|
|
| LEADER |
02354cam a2200649 i 4500 |
| 001 |
nkc20142648091 |
| 003 |
CZ PrNK |
| 005 |
20180413130154.0 |
| 007 |
ta |
| 008 |
141030s2014 xr cf e 000 0bcze d |
| 015 |
|
|
|a cnb002648091
|
| 020 |
|
|
|a 978-80-87685-25-9
|q (vázáno)
|
| 035 |
|
|
|a (OCoLC)956487808
|
| 040 |
|
|
|a OSA001
|b cze
|d BOA001
|d OLA001
|e rda
|
| 041 |
0 |
|
|a cze
|a slo
|
| 043 |
|
|
|a e-xo---
|
| 045 |
|
|
|a x5y1
|
| 072 |
|
7 |
|a 78.07
|x Hudebníci, skladatelé a jiná hudební povolání
|2 Konspekt
|9 9
|
| 072 |
|
7 |
|a 929
|x Biografie
|2 Konspekt
|9 8
|
| 080 |
|
|
|a 78.036.071.2
|2 MRF
|
| 080 |
|
|
|a 78.071.1/.2
|2 MRF
|
| 080 |
|
|
|a 929
|2 MRF
|
| 080 |
|
|
|a (437.6)
|2 MRF
|
| 080 |
|
|
|a (092)
|2 MRF
|
| 080 |
|
|
|a (047.53)
|2 MRF
|
| 100 |
1 |
|
|a Čermáková, Dana,
|d 1960-
|7 xx0081079
|4 aut
|
| 245 |
1 |
0 |
|a Jožo Ráž :
|b můj příběh /
|c Dana Čermáková ; ve spolupráci s Michalem Čimerou
|
| 246 |
1 |
|
|i Název na rubu titulní stránky:
|a Jožo Ráž - můj příběh
|
| 246 |
3 |
|
|a Můj příběh - Jožo Ráž
|
| 246 |
1 |
5 |
|a Jožo Ráž - Elán
|
| 250 |
|
|
|a První vydání
|
| 264 |
|
1 |
|a [Praha] :
|b Imagination of People,
|c 2014
|
| 300 |
|
|
|a 239 stran, xxxii stran obrazových příloh :
|b portréty (některé barevné) ;
|c 25 cm
|
| 336 |
|
|
|a text
|b txt
|2 rdacontent
|
| 337 |
|
|
|a bez média
|b n
|2 rdamedia
|
| 338 |
|
|
|a svazek
|b nc
|2 rdacarrier
|
| 490 |
1 |
|
|a Portréty
|
| 504 |
|
|
|a Obsahuje bibliografii
|
| 600 |
1 |
7 |
|a Ráž, Jozef,
|d 1954-
|7 jn20000701477
|2 czenas
|
| 648 |
|
4 |
|a 1954-2014
|
| 648 |
|
7 |
|a 20.-21. století
|7 ch462155
|2 czenas
|
| 650 |
0 |
7 |
|a rockoví zpěváci
|7 ph311279
|z Slovensko
|y 20.-21. století
|2 czenas
|
| 650 |
0 |
7 |
|a rockoví hudebníci
|7 ph125178
|z Slovensko
|y 20.-21. století
|2 czenas
|
| 650 |
0 |
9 |
|a rock singers
|z Slovakia
|y 20th-21st centuries
|2 eczenas
|
| 650 |
0 |
9 |
|a rock musicians
|z Slovakia
|y 20th-21st centuries
|2 eczenas
|
| 655 |
|
7 |
|a biografie
|7 fd131909
|2 czenas
|
| 655 |
|
7 |
|a rozhovory
|7 fd133303
|2 czenas
|
| 655 |
|
9 |
|a biography
|2 eczenas
|
| 655 |
|
9 |
|a interviews
|2 eczenas
|
| 700 |
1 |
|
|a Čimera, Michal
|7 xx0190596
|4 ctb
|
| 830 |
|
0 |
|a Portréty (Imagination of People)
|0 s
|
| 910 |
2 |
|
|a BOA001
|b 2-1360.232
|
| 920 |
|
|
|a 000613524
|z OSA001
|
| 990 |
|
|
|a BK
|
| 995 |
|
|
|a 01
|
| 991 |
|
|
|b 201602
|c NOV
|
| 996 |
6 |
|
|b 2610656830
|c 2-1360.232
|l MZK
|r Sklad / do 1 hodiny
|n 0
|p p.v.
|w 001541007
|u 000010
|a 1
|e BOA001
|j MZK50
|s P
|